Biochemistry the chemistry of life (Record no. 396721)

MARC details
000 -LEADER
fixed length control field 00578nam a2200229 4500
005 - DATE & TIME
control field 20260119113133.0
008 - FIXED-LENGTH DATA ELEMENTS--GENERAL INFORMATION
fixed length control field 260119b |||||||| |||| 00| 0 eng d
020 ## - ISBN
International Standard Book Number 9789367290361
Price Rs.1295.00
040 ## - CATALOGING SOURCE
Original cataloging agency VIVEKANANDA LIBRARY
082 ## - DDC NUMBER
Classification number 572
Book Number N292B
100 ## - MAIN ENTRY--PERSONAL NAME
Personal name Neelam kumari
245 ## - TITLE STATEMENT
Title Biochemistry the chemistry of life
260 ## - PUBLICATION, DISTRIBUTION, ETC. (IMPRINT)
Place of publication, distribution, etc New Delhi
Name of publisher, distributor, etc Indu Book Services Pvt.Ltd
Date of publication, distribution, etc 2025
300 ## - PHYSICAL DESCRIPTION
Pages x, 372
650 ## - Subject
Subject Biochemistry
650 ## - Subject
Subject Protein
700 ## - Added Entry Personal Name
Added Entry Personal Name Bhatia, Ravi Kant
700 ## - Added Entry Personal Name
Added Entry Personal Name Narender kumar
700 ## - Added Entry Personal Name
Added Entry Personal Name Chauhan, Atul
942 ## - ADDED ENTRY ELEMENTS (KOHA)
Koha item type Books

No items available.

© Designed and Maintained by Vivekananda Library, MDU Rohtak